| 000 -LEADER |
| fixed length control field |
00776pab a2200181 454500 |
| 008 - FIXED-LENGTH DATA ELEMENTS--GENERAL INFORMATION |
| fixed length control field |
180718b2009 xxu||||| |||| 00| 0 eng d |
| 100 ## - MAIN ENTRY--PERSONAL NAME |
| Personal name |
Mehrotra, Santosh |
| 245 ## - TITLE STATEMENT |
| Title |
How to identify the poor? A proposal |
| 260 ## - PUBLICATION, DISTRIBUTION, ETC. |
| Date of publication, distribution, etc. |
2009 |
| 300 ## - PHYSICAL DESCRIPTION |
| Extent |
p.37-44. |
| 362 ## - DATES OF PUBLICATION AND/OR SEQUENTIAL DESIGNATION |
| Dates of publication and/or sequential designation |
9 May |
| 520 ## - SUMMARY, ETC. |
| Summary, etc. |
The Census of 2002 to identify the poor in rural areas of India was the third in a quinquennial series. However, it has been appropriately criticised. This paper elaborates on the criticisms, and proposes an alternative set of criteria and methodology for conducting the next (now overdue) census of the rural population to identify the poor. - Reproduced. |
| 650 ## - SUBJECT ADDED ENTRY--TOPICAL TERM |
| Topical term or geographic name entry element |
Poverty |
| 700 ## - ADDED ENTRY--PERSONAL NAME |
| Personal name |
Mander, Harsh |
| 773 ## - HOST ITEM ENTRY |
| Main entry heading |
Economic and Political Weekly |
| 908 ## - PUT COMMAND PARAMETER (RLIN) |
| Put command parameter |
N |
| 909 ## - |
| -- |
82181 |